000 00325nam a2200145Ia 4500
008 230917s9999||||xx |||||||||||||| ||und||
040 _e47789
_aMAIN
041 _aEnglish
082 _a853.8 A25W
100 _aAleramo, Sibella
245 2 _aA woman
260 _aLondon
_bVirago
_c1979
300 _a183 p.
942 _cBK
999 _c209031
_d209031